000 00419nam a2200133Ia 4500
008 200918s9999 xx 000 0 und d
020 _a978-971-5556-613
100 _aRobles, Alfredo Jr. C.
245 _cAlfredo C. Robles Jr.
_aThe South China sea arbitration/
260 _aChicago:
_bSussex Academic Press
_c2018
300 _axxiii, 335 pages
_c24 cm.
650 _aInternational law
650 _aMaritime boundaries
999 _c364298
_d364298